| 000 | 00618nam a22002175i 4500 | ||
|---|---|---|---|
| 001 | 12711 | ||
| 003 | ES-MaACL | ||
| 005 | 20250803054355.0 | ||
| 007 | t| | ||
| 008 | 920714s1991 sp ||||0| spa j | ||
| 020 | _a84-86780-09-8 | ||
| 040 |
_aM-BN _bspa _cM-BN |
||
| 080 | _a7.05 | ||
| 100 | 1 |
_aMartínez-Val, Juan. _978456 |
|
| 245 | 1 | 3 |
_aEl diseño y la idea / _cJuan Martínez-Val. |
| 260 |
_aMadrid : _bTellus, _cD.L. 1991. |
||
| 300 |
_a216 p : _bil. col ; _c21 cm. |
||
| 650 | 7 |
_aDiseño _2embne _911939 |
|
| 852 |
_aES-MaACL _jL-20107 _bR.125871 _q. - Ded. autógr. del autor |
||
| 999 |
_c12711 _d12711 |
||